[Event "N�-LL 2009/10"]
[Site "?"]
[Date "2010.04.11"]
[Round "11"]
[White "Wadsack, Wolfgang"]
[Black "Gr�tz, Harald"]
[Result "1-0"]
[WhiteElo "2185"]
[BlackElo "2337"]
[Annotator "Stockerau : Amstetten"]
[PlyCount "63"]
[EventDate "2009.11.04"]
[SourceDate "2010.04.12"]

1. e4 c5 2. c3 Nf6 3. e5 Nd5 4. d4 cxd4 5. cxd4 e6 6. a3 d6 7. Nf3 Bd7 8. Bd3
Bc6 9. O-O Nd7 10. Qe2 Be7 11. Bd2 Rc8 12. Nc3 Nxc3 13. Bxc3 O-O 14. Rad1 a6
15. Rfe1 Re8 16. Bb1 g6 17. Ba2 Ba4 18. Rc1 Bb5 19. Qd2 dxe5 20. Nxe5 Nf6 21.
Nxf7 Kxf7 22. Bxe6+ Kg7 23. Bxc8 Qxc8 24. d5 Qd8 25. a4 Bxa4 26. Qd4 Bb5 27. g4
Kf7 28. g5 Qxd5 29. Rxe7+ Rxe7 30. Qxf6+ Ke8 31. Bb4 Qe5 32. Bxe7 1-0

[Event "N�-LL 2009/10"]
[Site "?"]
[Date "2010.04.11"]
[Round "11"]
[White "Schmid, Thomas"]
[Black "Wadsack, Winfried"]
[Result "1-0"]
[WhiteElo "2196"]
[BlackElo "2113"]
[Annotator "Stockerau : Amstetten"]
[PlyCount "71"]
[EventDate "2009.11.04"]
[SourceDate "2010.04.12"]

1. e4 d5 2. exd5 Nf6 3. d4 Nxd5 4. Nf3 g6 5. Be2 Bg7 6. O-O O-O 7. Re1 Nc6 8.
c3 Re8 9. Na3 e5 10. dxe5 Nxe5 11. Nxe5 Bxe5 12. Bf3 c6 13. c4 Qa5 14. Bd2 Nb4
15. Nc2 Rd8 16. Bxb4 Qc7 17. Qe2 Bxh2+ 18. Kh1 Bf5 19. Be4 Bxe4 20. Qxe4 Re8
21. Qxe8+ Rxe8 22. Rxe8+ Kg7 23. Bc3+ Kh6 24. Re3 Bf4 25. Rh3+ Kg5 26. g3 h5
27. gxf4+ Qxf4 28. Ne3 Kh6 29. Rg1 Kh7 30. Ng4 Kg8 31. Nf6+ Kf8 32. Re1 Qxc4
33. Re8+ Kg7 34. Nxh5+ Kh6 35. Nf6+ Kg5 36. Re5+ 1-0

[Event "N�-LL 2009/10"]
[Site "?"]
[Date "2010.04.11"]
[Round "11"]
[White "Mahdy, Khaled"]
[Black "Penz, Harald"]
[Result "1/2-1/2"]
[WhiteElo "2376"]
[BlackElo "2330"]
[Annotator "Mauerbach : Krems"]
[PlyCount "29"]
[EventDate "2010.04.11"]
[SourceDate "2010.04.11"]

1. e4 e5 2. Nf3 Nf6 3. Nxe5 d6 4. Nf3 Nxe4 5. Nc3 Nxc3 6. dxc3 Be7 7. Bf4 O-O
8. Qd2 Nc6 9. Be2 Re8 10. O-O-O Be6 11. Kb1 Bf6 12. Ng5 Bxg5 13. Bxg5 Qd7 14.
Rhe1 f6 15. Bf4 1/2-1/2

[Event "N�-LL 2009/10"]
[Site "?"]
[Date "2010.04.11"]
[Round "11"]
[White "Neumeier, Klaus"]
[Black "W�ber, Friedrich"]
[Result "1/2-1/2"]
[WhiteElo "2327"]
[BlackElo "2158"]
[Annotator "Mauerbach : Krems"]
[PlyCount "65"]
[EventDate "2010.04.12"]
[SourceDate "2010.04.18"]

1. e4 c5 2. Nf3 d6 3. d4 cxd4 4. Nxd4 Nf6 5. Nc3 a6 6. Bc4 e6 7. Bb3 b5 8. O-O
Be7 9. Qf3 Qb6 10. Bg5 Nbd7 11. Rad1 Nc5 12. Rfe1 Bb7 13. Bd5 b4 14. Bxb7 Qxb7
15. Nd5 Nxd5 16. exd5 Bxg5 17. Qh5 Bf6 18. Nxe6 Nxe6 19. Rxe6+ Kf8 20. Rxd6 Qe7
21. Rb6 a5 22. d6 Qe5 23. Qf3 Rd8 24. Rb7 g6 25. g4 Rxd6 26. Rxd6 Qxd6 27. g5
Kg7 28. Ra7 Rc8 29. gxf6+ Qxf6 30. Qxf6+ Kxf6 31. Ra6+ Kg7 32. Rxa5 Rxc2 33. h3
1/2-1/2

[Event "N�-LL 2009/10"]
[Site "?"]
[Date "2010.04.11"]
[Round "11"]
[White "J�nger, Heinz"]
[Black "Weissenbeck, Manuel"]
[Result "1/2-1/2"]
[WhiteElo "2094"]
[BlackElo "2218"]
[Annotator "Mauerbach : Krems"]
[PlyCount "131"]
[EventDate "2009.11.04"]
[SourceDate "2010.04.28"]

1. e4 c5 2. Nf3 Nc6 3. d4 cxd4 4. Nxd4 Nf6 5. Nc3 d6 6. Bg5 a6 7. Qd2 Nxd4 8.
Qxd4 Qa5 9. f4 e5 10. Qd2 Be7 11. Bxf6 Bxf6 12. Nd5 Qxd2+ 13. Kxd2 Bd8 14. fxe5
dxe5 15. Bd3 Be6 16. Ne3 Bg5 17. Ke2 Rc8 18. a4 O-O 19. a5 g6 20. Rhf1 Rfd8 21.
Ra4 Rd4 22. Rfa1 Rc5 23. c3 Rd7 24. Bc4 Bxc4+ 25. Nxc4 f5 26. Rd1 Rxd1 27. Kxd1
fxe4 28. Ke2 Rb5 29. Ra1 e3 30. Rd1 Rc5 31. b3 e4 32. Rd6 Rf5 33. Nxe3 Rxa5 34.
Rd2 Ra3 35. Rb2 Ra1 36. Rc2 a5 37. Nc4 Bf4 38. g3 Bc7 39. Ke3 b5 40. Nd2 Re1+
41. Kf2 Rh1 42. Kg2 Re1 43. Kf2 Ra1 44. Ke3 Re1+ 45. Kf2 Rh1 46. Kg2 Ra1 47.
Nxe4 a4 48. bxa4 bxa4 49. Nd2 a3 50. Nb3 Rb1 51. Nd2 Ra1 52. Nb3 Rd1 53. Kf3 h5
54. Ke2 Rh1 55. Kf3 g5 56. c4 Re1 57. Ra2 g4+ 58. Kf2 Re4 59. Rxa3 Rxc4 60. Ra2
Bb6+ 61. Kg2 Rc3 62. Rb2 Re3 63. Nc1 Bd4 64. Rd2 Bb6 65. Ne2 Rf3 66. Nd4
1/2-1/2

[Event "N�-LL 2009/10"]
[Site "?"]
[Date "2010.04.11"]
[Round "11"]
[White "Schorn, Christoph"]
[Black "Gruszka, Herbert"]
[Result "1-0"]
[WhiteElo "2161"]
[BlackElo "1995"]
[Annotator "Mauerbach : Krems"]
[PlyCount "79"]

1. e4 e6 2. d4 d5 3. Nc3 dxe4 4. Nxe4 Bd7 5. Nf3 Bc6 6. Ng3 Bd6 7. Bd3 Nf6 8.
Bg5 h6 9. Bd2 O-O 10. Qe2 Bxf3 11. Qxf3 c6 12. O-O-O Nbd7 13. c3 Qc7 14. Bc2 a5
15. Ne4 Nxe4 16. Qxe4 Nf6 17. Qf3 Qe7 18. g4 Nd7 19. Qd3 Nf6 20. h4 g6 21. Bxh6
Nxg4 22. Bxf8 Qxf8 23. Qf3 f5 24. Bb3 Re8 25. Rde1 Kf7 26. h5 Qh6+ 27. Kb1 Kf6
28. hxg6 Qxg6 29. Qh3 Bf4 30. f3 Ne3 31. Reg1 Ng4 32. Bc2 Qh6 33. fxg4 Qxh3 34.
Rxh3 Rg8 35. Rf3 Bd6 36. g5+ Rxg5 37. Rxg5 Kxg5 38. Re3 Kf6 39. Bb3 e5 40. Rh3
1-0

[Event "N�-LL 2009/10"]
[Site "?"]
[Date "2010.04.11"]
[Round "11"]
[White "Vyskocil, Neklan"]
[Black "Knoll, Hermann"]
[Result "1/2-1/2"]
[WhiteElo "2357"]
[BlackElo "2406"]
[Annotator "P�chlarn : Zwettl"]
[PlyCount "129"]
[EventDate "2009.11.04"]
[SourceDate "2010.04.28"]

1. e4 e5 2. Nf3 Nc6 3. Bb5 a6 4. Ba4 Nf6 5. O-O Be7 6. Re1 b5 7. Bb3 d6 8. c3
O-O 9. h3 Na5 10. Bc2 c5 11. d3 Re8 12. Nbd2 Bf8 13. Nf1 h6 14. Bd2 g6 15. N3h2
Nc6 16. Ng4 Nxg4 17. hxg4 Qh4 18. f3 Be6 19. g3 Qd8 20. Re2 d5 21. Rh2 d4 22.
Bxh6 Bxh6 23. Rxh6 Kg7 24. Rh2 Qb6 25. Kg2 c4 26. Qd2 Rh8 27. dxc4 Bxc4 28.
Rxh8 Rxh8 29. Bb3 dxc3 30. bxc3 Rd8 31. Qf2 Qa5 32. Qb2 Rd3 33. Bxc4 bxc4 34.
Rc1 Qc5 35. Rc2 a5 36. Rd2 Nd8 37. Qc2 Qb5 38. Rxd3 cxd3 39. Qb3 Qc5 40. Qb2
Ne6 41. Qd2 Qb5 42. Ne3 a4 43. a3 Qb1 44. Kf2 f6 45. Nd5 Nc5 46. Nb4 g5 47. Kg2
Kg6 48. Qf2 Qb3 49. Qd2 Qxa3 50. Nxd3 Nxd3 51. Qxd3 Qb3 52. Qd7 a3 53. Qe8+ Qf7
54. Qa4 Qe7 55. c4 Kf7 56. Kh3 Qc5 57. Qd7+ Kf8 58. Qd8+ Kg7 59. Qd7+ Kh6 60.
Qe8 Qa7 61. Qh8+ Kg6 62. Qg8+ Qg7 63. Qa8 Qh7+ 64. Kg2 Qf7 65. Qxa3 1/2-1/2

[Event "N�-LL 2009/10"]
[Site "?"]
[Date "2010.04.11"]
[Round "11"]
[White "Weinzettl, Ernst"]
[Black "Janetschek, Karl"]
[Result "1/2-1/2"]
[WhiteElo "2276"]
[BlackElo "2250"]
[Annotator "P�chlarn : Zwettl"]
[PlyCount "67"]
[SourceDate "2010.04.18"]

1. e4 e5 2. Nf3 Nc6 3. Bc4 Bc5 4. O-O Nf6 5. d4 exd4 6. e5 d5 7. exf6 dxc4 8.
Re1+ Be6 9. fxg7 Rg8 10. Bg5 Be7 11. Bxe7 Qxe7 12. Nxd4 Rd8 13. c3 Rxg7 14.
Nxe6 Rxd1 15. Nxg7+ Kf8 16. Rxd1 Kxg7 17. Kf1 Ne5 18. Rd4 f5 19. Na3 Ng4 20. h3
Qh4 21. Rd2 Nh2+ 22. Ke1 Qe4+ 23. Kd1 Qxg2 24. Kc1 Nf3 25. Rd1 Ne5 26. b3 Nd3+
27. Kc2 Qe4 28. Rd2 Nxf2+ 29. Kb2 Nd3+ 30. Kc2 Ne1+ 31. Kb2 b5 32. Nxb5 Nd3+
33. Kc2 Nc5+ 34. Kb2 $11 1/2-1/2

[Event "N�-LL 2009/10"]
[Site "?"]
[Date "2010.04.11"]
[Round "11"]
[White "Vykydal, Frantisek"]
[Black "Mittermayr, Gerhard"]
[Result "0-1"]
[WhiteElo "2213"]
[BlackElo "2135"]
[Annotator "P�chlarn : Zwettl"]
[PlyCount "80"]
[EventDate "2010.04.12"]
[SourceDate "2010.04.18"]

1. e4 e6 2. d3 d5 3. Nd2 Nf6 4. Be2 dxe4 5. Nxe4 Nxe4 6. dxe4 Qxd1+ 7. Bxd1 Bc5
8. Nf3 O-O 9. O-O Nc6 10. c3 a5 11. Bf4 Bb6 12. Bc2 Bd7 13. Rad1 Rfd8 14. e5
Be8 15. Bg5 Rxd1 16. Rxd1 h6 17. Bc1 a4 18. Re1 Ne7 19. Be3 Bxe3 20. Rxe3 Nd5
21. Rd3 Bb5 22. Rd1 a3 23. Nd4 Be8 24. c4 Nb4 25. bxa3 Nxc2 26. Nxc2 Ba4 27.
Rd2 Bxc2 28. Rxc2 Rxa3 29. Kf1 $11 Kf8 30. c5 Ke7 31. c6 bxc6 32. Rxc6 Kd7 33.
Rc2 Ra5 34. f4 g5 35. fxg5 hxg5 36. Rf2 Rxe5 37. Rxf7+ Kd6 38. Rf2 c5 39. h4
gxh4 40. Rf4 Rh5 0-1

[Event "N�-LL 2009/10"]
[Site "?"]
[Date "2010.04.11"]
[Round "11"]
[White "Posch, Roland"]
[Black "Mlynek, Petr"]
[Result "1/2-1/2"]
[WhiteElo "2074"]
[BlackElo "2189"]
[Annotator "P�chlarn : Zwettl"]
[PlyCount "109"]
[EventDate "2009.11.04"]
[SourceDate "2010.04.28"]

1. e4 c6 2. Nf3 d5 3. Nc3 Bg4 4. Be2 Nf6 5. exd5 cxd5 6. d4 e6 7. O-O Nc6 8.
Bf4 Bd6 9. Qd2 O-O 10. Bxd6 Qxd6 11. a3 a6 12. h3 Bh5 13. Qe3 Rac8 14. Rac1 b5
15. Ne5 Bxe2 16. Nxe2 Na5 17. b3 Rc7 18. Qd2 Nc6 19. Nd3 Rfc8 20. b4 Ne4 21.
Qe3 a5 22. f3 Nf6 23. c3 Nd7 24. Nc5 Nb6 25. Rb1 Nc4 26. Qc1 a4 27. f4 Re7 28.
Nd3 f6 29. Ng3 g6 30. Ra1 Rce8 31. Nb2 e5 32. Nxc4 dxc4 33. fxe5 fxe5 34. Ne4
Qb8 35. Nf6+ Kg7 36. Nxe8+ Rxe8 37. Qg5 Qd8 38. Qxd8 Rxd8 39. dxe5 Nxe5 40.
Rae1 Rd5 41. Rd1 Nd3 42. Rf3 Re5 43. Kf1 g5 44. Rdxd3 cxd3 45. Rxd3 Kg6 46. g4
Re6 47. Kf2 h5 48. Rd5 hxg4 49. hxg4 Rc6 50. Rd3 Kf6 51. Re3 Rc4 52. Kg3 Kf7
53. Kf3 Kf6 54. Kg3 Kf7 55. Kf3 1/2-1/2

[Event "N�-LL 2009/10"]
[Site "?"]
[Date "2010.04.11"]
[Round "11"]
[White "Heimberger, Reinhard"]
[Black "Perndl, Johann"]
[Result "1/2-1/2"]
[WhiteElo "2223"]
[BlackElo "2036"]
[Annotator "B�hlerwerk : Baden"]
[PlyCount "56"]
[EventDate "2010.??.??"]
[SourceDate "2010.04.18"]

1. c4 g6 2. Nc3 Bg7 3. g3 Nc6 4. Bg2 d6 5. e4 e5 6. Nge2 Be6 7. d3 Nge7 8. O-O
Qd7 9. Nd5 O-O 10. Bh6 Nd4 11. Nxd4 exd4 12. Qf3 Nxd5 13. exd5 Bg4 14. Qf4 Bxh6
15. Qxh6 Be2 16. Bh3 Qd8 17. Rfe1 Bxd3 18. Rad1 Bc2 19. Rxd4 f5 20. b3 Re8 21.
Rf1 Re2 22. Bg2 Qf6 23. Rh4 Qe7 24. Qc1 Be4 25. Bxe4 fxe4 26. Qd1 Rxa2 27. Re1
Rf8 28. Rhxe4 Rfxf2 1/2-1/2

[Event "N�-LL 2009/10"]
[Site "?"]
[Date "2010.04.11"]
[Round "11"]
[White "Berbati, Kadri"]
[Black "Strobel, Ferdinand"]
[Result "1-0"]
[WhiteElo "2014"]
[BlackElo "2042"]
[Annotator "B�hlerwerk : Baden"]
[PlyCount "73"]
[EventDate "2010.04.12"]
[SourceDate "2010.04.18"]

1. e4 d6 2. d4 Nf6 3. Nc3 g6 4. Nf3 Bg7 5. Bc4 O-O 6. Bg5 Nxe4 7. Bxf7+ Rxf7 8.
Nxe4 Bg4 9. c3 c6 10. Ned2 Nd7 11. h3 Bxf3 12. Nxf3 Qa5 13. Be3 Qd5 14. Qe2 h6
15. O-O Raf8 16. Nd2 e5 17. Nb3 b6 18. Rad1 Qe6 19. dxe5 dxe5 20. Qd2 c5 21.
Bxh6 Nf6 22. Bxg7 Kxg7 23. Qe3 Nh5 24. Rd2 Nf4 25. Nc1 Nxg2 26. Kxg2 Rf3 27.
Qxf3 Rxf3 28. Kxf3 Qxh3+ 29. Ke2 e4 30. Ke1 b5 31. Ne2 a5 32. Rd6 e3 33. Rxg6+
Kh7 34. Rg3 exf2+ 35. Rxf2 Qh4 36. Kf1 b4 37. Kg1 1-0

[Event "N�-LL 2009/10"]
[Site "?"]
[Date "2010.04.11"]
[Round "11"]
[White "Neumann, Christian"]
[Black "Zechner, Andrea"]
[Result "1-0"]
[WhiteElo "1971"]
[BlackElo "1887"]
[Annotator "B�hlerwerk : Baden"]
[PlyCount "57"]
[EventDate "2009.11.04"]
[SourceDate "2010.04.28"]

1. e4 c6 2. d4 d5 3. f3 e6 4. e5 Ne7 5. Bd3 b6 6. Bg5 Ba6 7. Ne2 c5 8. Bxa6
Nxa6 9. c3 Qd7 10. O-O Nf5 11. g4 h6 12. Bd2 Nh4 13. Ng3 cxd4 14. cxd4 Nb4 15.
Nh5 Nc6 16. Be3 Rg8 17. Bxh6 Nxd4 18. Nc3 Nc6 19. Qe2 f6 20. Rad1 fxe5 21. f4
O-O-O 22. Bg5 Bc5+ 23. Kh1 Be7 24. Bxh4 Bxh4 25. fxe5 Qc7 26. Nb5 Qxe5 27.
Nxa7+ Kb7 28. Rf7+ Ka8 29. Nxc6 1-0

[Event "N�-LL 2009/10"]
[Site "?"]
[Date "2010.04.11"]
[Round "11"]
[White "Fr�wis, Georg"]
[Black "Danner, Georg"]
[Result "0-1"]
[WhiteElo "2415"]
[BlackElo "2216"]
[Annotator "Schwarzatal : Bisamberg/Korneuburg"]
[PlyCount "98"]
[EventDate "2009.11.04"]
[SourceDate "2010.05.02"]

1. e4 c5 2. Nf3 Nc6 3. Bb5 g6 4. Bxc6 dxc6 5. d3 Bg7 6. h3 b6 7. Nc3 e5 8. Be3
Ne7 9. Qd2 h6 10. Nh2 g5 11. h4 gxh4 12. f4 exf4 13. Bxf4 Ng6 14. Nf3 Bg4 15.
Be3 Qe7 16. O-O-O O-O-O 17. Qf2 Bxc3 18. bxc3 c4 19. Kb2 cxd3 20. cxd3 Ne5 21.
Nxe5 Qxe5 22. Rd2 Be6 23. Bd4 Qb5+ 24. Ka1 Rhg8 25. Rxh4 c5 26. c4 Qa5 27. Bf6
Bxc4 28. Rxh6 Bxd3 29. Rh3 c4 30. Rb2 Rd6 31. e5 Rd7 32. Rh1 Qd5 33. Rc1 Kb7
34. g3 Rc8 35. Qe1 Rc6 36. g4 Qe6 37. g5 Rd5 38. Qc3 Rcc5 39. Qb4 Qc6 40. Qc3
Bg6 41. Be7 Rd3 42. Qe1 Ra5 43. Bd6 Bh5 44. Qh4 c3 45. Rbc2 Bd1 46. Rf2 Ra4 47.
Rxf7+ Ka6 48. Rc7 Rxa2+ 49. Kxa2 Qg2+ 0-1

[Event "N�-LL 2009/10"]
[Site "?"]
[Date "2010.04.11"]
[Round "11"]
[White "Degen, Gerhard"]
[Black "Wetscherek, Gerhard"]
[Result "0-1"]
[WhiteElo "2091"]
[BlackElo "2136"]
[Annotator "Schwarzatal : Bisamberg/Korneuburg"]
[PlyCount "146"]
[EventDate "2009.11.04"]
[SourceDate "2010.05.02"]

1. d4 Nf6 2. c4 g6 3. Nc3 Bg7 4. e4 d6 5. h3 c6 6. Nf3 a6 7. a4 O-O 8. Be2 b6
9. Bg5 Qc7 10. O-O Nbd7 11. Nh2 e5 12. d5 c5 13. Qd2 Kh8 14. Bh6 Ng8 15. Bxg7+
Kxg7 16. f4 exf4 17. Qxf4 Ne5 18. Nf3 Nxf3+ 19. Rxf3 Qe7 20. Raf1 Bd7 21. Bd3
f6 22. R3f2 Rae8 23. g4 Nh6 24. Kg2 Rf7 25. Qg3 Qe5 26. Be2 Ng8 27. g5 h6 28.
h4 hxg5 29. hxg5 Qxg3+ 30. Kxg3 Re5 31. gxf6+ Rxf6 32. Rxf6 Nxf6 33. Kf4 Nh5+
34. Ke3 Ng3 35. Ra1 Nf5+ 36. Kf4 Nd4 37. Bg4 Bxg4 38. Kxg4 Nc2 39. Rb1 Ne3+ 40.
Kf4 Nxc4 41. b4 g5+ 42. Kg3 Nd2 43. Rb2 Nxe4+ 44. Nxe4 Rxe4 45. bxc5 bxc5 46.
Rb6 Rxa4 47. Rxd6 a5 48. Ra6 Kf7 49. Kf3 Ke7 50. Kg3 Kd7 51. Rg6 Rd4 52. Rxg5
Kd6 53. Kf3 a4 54. Ke3 Rxd5 55. Rg6+ Kc7 56. Rg4 a3 57. Ra4 Rh5 58. Kd2 Rh3 59.
Kc2 Kb6 60. Kc1 Kb5 61. Ra8 Kb4 62. Rb8+ Kc4 63. Ra8 Rh2 64. Kb1 Kb3 65. Rb8+
Kc3 66. Ra8 Rb2+ 67. Ka1 Rb3 68. Ka2 c4 69. Rc8 Rb5 70. Rd8 Kc2 71. Kxa3 c3 72.
Ra8 Rb7 73. Rh8 Rd7 0-1



!DSPAM:4bdda6e0147491336712104!